000 00922nam a2200217 i 4500
001 103712
003 ES-MaACL
005 20230906183430.0
007 t|
008 060509s2002 sp ||||1| spa d
080 _a623.446.7(091)
100 0 _aGómez-Tabanera, José Manuel,
_d1926-2011
_958165
245 1 3 _aEl enigma del bumerang australiano y sus presuntos predecesores en el viejo mundo /
_cJosé Manuel Gómez-Tabanera.
260 _a[Oviedo] :
_bJ.M. Gómez-Tabanera,
_c[2002]
300 _a27 p. :
_bil. ;
_c21 cm.
500 _aPonencia presentada en el: VI Congreso Internacional de la Asociación Española de Estudios del Pacífico (del 6 al 8 de junio de 2002)
650 1 4 _aBumeranes-
_vHistoria.
_910644
710 2 _aAsociación Española de Estudios del Pacífico.
_bCongreso Internacional (
_n6º.
_d2002.
_cValladolid)
_91666
852 _aES-MaACL
_j2201-F-20
_bR.137579
999 _c103712
_d103712